|
|
|
|
| LEADER |
01714nam a2200385 a 4500 |
| 001 |
28163 |
| 003 |
BD-DhAAL |
| 005 |
20230525140234.0 |
| 008 |
141204s2012 nyua b 001 0 eng |
| 010 |
|
|
|a 2012004343
|
| 020 |
|
|
|a 9781616890773 (hardcover : alk. paper)
|
| 040 |
|
|
|a DLC
|c DLC
|d DLC
|d BD-DhAAL
|
| 041 |
1 |
|
|a eng
|
| 042 |
|
|
|a pcc
|
| 050 |
0 |
0 |
|a N7433.8
|b .B6313 2012
|
| 082 |
0 |
0 |
|a 702.85
|2 23
|
| 100 |
1 |
|
|a Bohnacker, Hartmut,
|d 1972-
|9 6516
|
| 240 |
1 |
0 |
|a Generative Gestaltung.
|l English
|
| 245 |
1 |
0 |
|a Generative design :
|b visualize, program, and create with processing /
|c Hartmut Bohnacker, Benedikt Gross, Julia Laub ; editor, Claudius Lazzeroni ; translated by Marie Frohling.
|
| 260 |
|
|
|a New York :
|b Princeton Architectural Press,
|c c2012.
|
| 300 |
|
|
|a 474 p. :
|b ill (some col.) ;
|c 30 cm.
|
| 504 |
|
|
|a Includes bibliographical references (p. 468-469) and index.
|
| 526 |
|
|
|a ARC
|
| 541 |
|
|
|e 28163
|
| 650 |
|
0 |
|a Computer art.
|9 6517
|
| 650 |
|
0 |
|a Computer drawing.
|9 6518
|
| 650 |
|
0 |
|a Graphic arts
|x Data processing.
|9 6519
|
| 650 |
|
0 |
|a Generative programming (Computer science)
|9 6520
|
| 700 |
1 |
|
|a Gross, Benedikt,
|d 1980-
|9 6521
|
| 700 |
1 |
|
|a Laub, Julia,
|d 1980-
|9 6522
|
| 700 |
1 |
|
|a Lazzeroni, Claudius.
|9 6523
|
| 942 |
|
|
|2 ddc
|c BK
|
| 999 |
|
|
|c 33210
|d 33210
|
| 952 |
|
|
|0 0
|1 0
|2 ddc
|4 0
|6 702_850000000000000_BOH
|7 0
|9 44327
|a BRACUL
|b BRACUL
|c GEN
|d 2014-12-04
|g 8500.00
|l 2
|m 1
|o 702.85 BOH
|p 3010028163
|q 2026-05-07
|r 2026-04-30
|s 2026-04-30
|t 1
|w 2014-12-04
|y BK
|
| 952 |
|
|
|0 0
|1 0
|2 ddc
|4 0
|6 702_850000000000000_BOH
|7 0
|9 59492
|a BRACUL
|b BRACUL
|c GEN
|d 2016-08-02
|e Karim International
|g 8580.00
|l 1
|o 702.85 BOH
|p 3010031210
|r 2024-06-06
|s 2024-02-05
|t 2
|w 2016-08-02
|y BK
|x Transferred from ARC to BRACUL on 28/12/2023
|